00498 2200205 4500001002100000008004100021035002000062245004800082100001900130250000600149260004200155300001100197084001400208082000800222650001400230990001200244990001200256990001200268990001200280INLIS000000000000571 ind  a0010-0424000547 aInstalasi Listrik PenerangancSri Wijayanto aWijayanto, Sri a1 aKlaten :bSaka Mitra Kompetensic2013 a76 hlm a600 SRI i a600 aNon Fiksi a0722312 a0722313 a0722314 a0722315